| 000 | 02795cam a2200457 i 4500 | ||
|---|---|---|---|
| 001 | on1060181192 | ||
| 003 | OCoLC | ||
| 005 | 20220201164656.0 | ||
| 008 | 181024t20202020mnua j b 000 0 eng | ||
| 010 | _a 2018047653 | ||
| 020 |
_a9781541526693 _q(lb : alk. paper) |
||
| 020 | _a1541526694 | ||
| 035 |
_a(OCoLC)1060181192 _z(OCoLC)1137322216 |
||
| 040 |
_aDLC _beng _erda _cDLC _dOCLCF _dYDX _dBDX _dGO6 _dILC _dBKL _dEHH _dOVV _dANK _dDLC _dOCLCO _dPNX _dLMJ _dIZ8 _dJTH _dTXSCH |
||
| 042 | _apcc | ||
| 043 | _an-us-ok | ||
| 049 | _aUOKA | ||
| 050 | 0 | 0 |
_aHV6432.6 _b.B37 2020 |
| 082 | 0 | 0 |
_a363.325/140976638 _223 |
| 092 | _aJ363.32514 B2854A 2020 | ||
| 100 | 1 |
_aBarton, Chris _eauthor. _95701089 |
|
| 245 | 1 | 0 |
_aAll of a sudden and forever : _bhelp and healing after the Oklahoma City bombing / _cChris Barton ; illustrations by Nicole Xu. |
| 264 | 1 |
_aMinneapolis : _bCarolrhoda Books, _c[2020] |
|
| 264 | 4 | _c�2020 | |
| 300 |
_a1 volume (unpaged) : _billustrations (chiefly colored) ; _c29 cm |
||
| 336 | _atext | ||
| 337 | _aunmediated | ||
| 338 | _avolume | ||
| 504 | _aIncludes bibliographical references. | ||
| 520 | _aA profoundly moving nonfiction picture book about tragedy, hope, and healing from the award-winning author. Sometimes bad things happen, and you have to tell everyone. Sometimes terrible things happen, and everybody knows. On April 19, 1995, something terrible happened in Oklahoma City: a bomb exploded, and people were hurt and killed. But that was not the end of the story. Those who survived--and those who were forever changed--shared their stories and began to heal. Near the site of the bomb blast, an American elm tree began to heal as well. People took care of the tree just as they took care of each other. The tree and its seedlings now offer solace to people around the world grappling with tragedy and loss. Released to coincide with the 25th anniversary of the Oklahoma City bombing, this book commemorates what was lost and offers hope for the future. | ||
| 526 | 0 | _aNot listed in Accelerated Reader (AR) program at time of cataloging. | |
| 650 | 0 |
_aOklahoma City Federal Building Bombing, Oklahoma City, Okla., 1995 _vJuvenile literature. _96439758 |
|
| 650 | 0 |
_aVictims of terrorism _zOklahoma _zOklahoma City _vJuvenile literature. _96439759 |
|
| 650 | 1 | _aOklahoma City Federal Building Bombing, Oklahoma City, Okla., 1995. | |
| 650 | 1 |
_aVictims of terrorism _zOklahoma _zOklahoma City. _96439760 |
|
| 655 | 7 |
_aPicture books _2lcgft |
|
| 700 | 1 |
_aXu, Nicole, _d1994- _eillustrator. _96439761 |
|
| 776 | 0 | 8 |
_iOnline version: _aBarton, Chris, author. _tAll of a sudden and forever _dMinneapolis : Carolrhoda Books, [2020] _z9781541560987 _w(DLC) 2018051277 |
| 942 |
_2ddc _cBOOK |
||
| 999 |
_c369941 _d369941 |
||
| 999 | _b03527914 | ||